| 000 | 00347nam a22001457a 4500 | ||
|---|---|---|---|
| 003 | OSt | ||
| 008 | 250204b |||||||| |||| 00| 0 eng d | ||
| 020 | _a9789355431356 | ||
| 082 | _a153.42 NGD | ||
| 100 | _aNguyan, Joseph | ||
| 245 | _aDonot Belive Everything You Think | ||
| 260 |
_aNoida _bManjul Pub. _c2024 |
||
| 300 | _a167 | ||
| 942 |
_2ddc _cBK |
||
| 999 |
_c13060 _d13060 |
||